[Event "Miedzynarodowy Turniej Szachowy Szachowe"]
[Site "WSUS Poznan, ul. Glogowska"]
[Date "2013.??.??"]
[Round "3.1"]
[White "Malaniuk, Vladimir P"]
[Black "Niekras, Dawid"]
[Result "1-0"]
[WhiteElo "2529"]
[BlackElo "1971"]
[PlyCount "69"]
[EventDate "2013.??.??"]

1. d4 d5 2. c4 e6 3. Nc3 Nf6 4. cxd5 exd5 5. Bg5 Be7 6. e3 c6 7. Qc2 O-O 8. Bd3
Nbd7 9. Nf3 Re8 10. h3 Nf8 11. Bf4 Bd6 12. Bxd6 Qxd6 13. O-O-O a5 14. Kb1 b5
15. g4 g6 16. Rc1 Bd7 17. Ne5 a4 18. f4 Rab8 19. Qf2 Re7 20. Ne2 Ne8 21. h4 f6
22. h5 fxe5 23. fxe5 Qe6 24. hxg6 hxg6 25. Rh8+ Kxh8 26. Qxf8+ Qg8 27. Qxe7 Qg7
28. Qg5 Nc7 29. Nf4 Ne6 30. Nxg6+ Kg8 31. Ne7+ Kf8 32. Qxg7+ Nxg7 33. Nxc6 Rb6
34. Nb4 Be6 35. Rc5 1-0

[Event "Miedzynarodowy Turniej Szachowy Szachowe"]
[Site "WSUS Poznan, ul. Glogowska"]
[Date "2013.??.??"]
[Round "3.2"]
[White "Stachowiak, Slawomir"]
[Black "Bartkowiak, Damian"]
[Result "0-1"]
[WhiteElo "2000"]
[BlackElo "2152"]
[PlyCount "86"]
[EventDate "2013.??.??"]

1. e4 e5 2. Nf3 Nc6 3. Bb5 a6 4. Ba4 Nf6 5. O-O Be7 6. Re1 b5 7. Bb3 O-O 8. c3
d5 9. exd5 Nxd5 10. Nxe5 Nxe5 11. Rxe5 c6 12. d4 Bd6 13. Re1 Qh4 14. g3 Qh3 15.
Qf3 Bg4 16. Qg2 Qh5 17. Be3 Bf3 18. Qf1 f5 19. Nd2 f4 20. Nxf3 fxe3 21. fxe3
Rxf3 22. Qg2 Raf8 23. Bd1 g5 24. e4 g4 25. Bxf3 gxf3 26. Qf2 Nf6 27. h3 Qxh3
28. Qxf3 Bxg3 29. Qg2 Qxg2+ 30. Kxg2 Bxe1 31. Rxe1 Kf7 32. Kg3 Rg8+ 33. Kf3 h5
34. Rh1 Rg5 35. e5 Nd5 36. Rh4 Kg6 37. a4 Rg1 38. axb5 axb5 39. Ke4 Kg5 40. Rh2
Rf1 41. Kd3 Kg4 42. b3 Kg3 43. Rb2 Re1 0-1

[Event "Miedzynarodowy Turniej Szachowy Szachowe"]
[Site "WSUS Poznan, ul. Glogowska"]
[Date "2013.??.??"]
[Round "3.3"]
[White "Zakrzewski, Marek"]
[Black "Glatty, Zbigniew"]
[Result "1-0"]
[WhiteElo "2126"]
[BlackElo "1915"]
[PlyCount "53"]
[EventDate "2013.??.??"]

1. e4 e5 2. Nf3 Nc6 3. d4 exd4 4. Nxd4 Nf6 5. Nxc6 bxc6 6. e5 Qe7 7. Qe2 Nd5 8.
c4 Ba6 9. b3 g5 10. Bb2 Nf4 11. Qe3 Bg7 12. Nd2 Ng6 13. Ne4 Nxe5 14. O-O-O f6
15. Be2 d6 16. Bh5+ Kd8 17. Nc5 Bc8 18. Rhe1 Bf5 19. Bf3 Bd7 20. Nxd7 Kxd7 21.
Bg4+ Kd8 22. Bf5 h5 23. f3 Qe8 24. g3 g4 25. Qc5 Nd3+ 26. Bxd3 dxc5 27. Bf5+
1-0

[Event "Miedzynarodowy Turniej Szachowy Szachowe"]
[Site "WSUS Poznan, ul. Glogowska"]
[Date "2013.??.??"]
[Round "3.4"]
[White "Rozumek, Krzysztof"]
[Black "Bednarska-bzdega, Malgorzata"]
[Result "1/2-1/2"]
[WhiteElo "1975"]
[BlackElo "2115"]
[PlyCount "73"]
[EventDate "2013.??.??"]

1. Nf3 Nf6 2. b3 g6 3. Bb2 Bg7 4. e3 O-O 5. Be2 c5 6. c4 Nc6 7. O-O d5 8. cxd5
Nxd5 9. Bxg7 Kxg7 10. d4 Qb6 11. dxc5 Qxc5 12. Qc1 Qxc1 13. Rxc1 Rd8 14. Nbd2
Nf6 15. Bb5 Bd7 16. Kf1 Nb4 17. Bxd7 Rxd7 18. Ke2 Rad8 19. Rc4 Nbd5 20. Rac1 b5
21. Rc8 Rxc8 22. Rxc8 Rd6 23. Nd4 b4 24. Rc6 Nc3+ 25. Ke1 Rxc6 26. Nxc6 Nxa2
27. Nxe7 Nd7 28. Nc6 a6 29. Nb1 Nc5 30. Na5 Nc1 31. Nd2 Kf6 32. f3 Ke6 33. Kd1
N1d3 34. Ndc4 Ne5 35. Nxe5 Kxe5 36. Nc6+ Kd6 37. Na5 1/2-1/2

[Event "Miedzynarodowy Turniej Szachowy Szachowe"]
[Site "WSUS Poznan, ul. Glogowska"]
[Date "2013.??.??"]
[Round "3.5"]
[White "Swiatek, Bartosz"]
[Black "Kaczmarek, Piotr"]
[Result "1-0"]
[WhiteElo "2065"]
[BlackElo "1872"]
[PlyCount "77"]
[EventDate "2013.??.??"]

1. e4 d5 2. exd5 Qxd5 3. Nc3 Qd6 4. d4 Nf6 5. Nf3 g6 6. Bc4 Bg7 7. O-O O-O 8.
Nb5 Qb6 9. Bf4 Ne8 10. a4 a5 11. Re1 c6 12. Nc3 Nd6 13. Bb3 Bg4 14. Rxe7 Bxf3
15. Qxf3 Nf5 16. Bc7 Qb4 17. Re4 Na6 18. Na2 Nxd4 19. Qf4 Qc5 20. Bd6 Qb6 21.
Bxf8 Rxf8 22. Nc1 c5 23. Ra3 Nxc2 24. Bxc2 Qxb2 25. Ra2 Qc3 26. Nd3 Bd4 27. h4
Nb4 28. Nxb4 axb4 29. Qf3 Qd2 30. Bb3 Qc1+ 31. Qd1 Qh6 32. Rae2 b6 33. g3 Kg7
34. Re8 Qh5 35. Rxf8 Kxf8 36. Qd3 Qg4 37. Kg2 Qd7 38. Qc4 Qb7+ 39. f3 1-0

[Event "Miedzynarodowy Turniej Szachowy Szachowe"]
[Site "WSUS Poznan, ul. Glogowska"]
[Date "2013.??.??"]
[Round "3.7"]
[White "Przybylak, Lukasz"]
[Black "Kozlowski, Tomasz"]
[Result "1-0"]
[WhiteElo "1871"]
[BlackElo "1978"]
[PlyCount "85"]
[EventDate "2013.??.??"]

1. e4 e5 2. Nc3 Nf6 3. f4 d5 4. fxe5 Nxe4 5. Nf3 Be7 6. d3 Nxc3 7. bxc3 c5 8.
d4 Nc6 9. Be2 O-O 10. O-O a6 11. Qe1 Bf5 12. Bd3 Bxd3 13. cxd3 cxd4 14. cxd4
Qd7 15. Be3 Qe6 16. Nh4 f5 17. Qg3 Rf7 18. Nf3 Raf8 19. Bf4 Kh8 20. Rab1 b5 21.
Kh1 h6 22. Qh3 Kg8 23. Be3 g5 24. Qh5 f4 25. Bg1 Kh7 26. h3 Nd8 27. Nh2 Rg8 28.
Qg4 Qg6 29. Qf3 h5 30. Qxd5 Qxd3 31. Rbe1 Qg6 32. Qe4 Rf5 33. Be3 Rgf8 34. Bd2
Qf7 35. d5 Bc5 36. Rc1 Bb6 37. Bb4 Re8 38. Nf3 Kg8 39. e6 Qh7 40. e7 Nf7 41.
Qe6 g4 42. Rc8 Rxc8 43. Qxc8+ 1-0

[Event "Miedzynarodowy Turniej Szachowy Szachowe"]
[Site "WSUS Poznan, ul. Glogowska"]
[Date "2013.??.??"]
[Round "3.8"]
[White "Chojnacki, Tomasz"]
[Black "Baranowski, Adam"]
[Result "1-0"]
[WhiteElo "1883"]
[BlackElo "1595"]
[PlyCount "107"]
[EventDate "2013.??.??"]

1. e4 e5 2. Nf3 Nc6 3. Bb5 f5 4. d3 Nf6 5. exf5 d6 6. O-O Be7 7. d4 O-O 8. Bxc6
bxc6 9. dxe5 Ng4 10. e6 Nh6 11. Nc3 Nxf5 12. Qe2 Bb7 13. Ne4 h6 14. Bd2 Qe8 15.
Bc3 Qg6 16. Rae1 c5 17. Ng3 a5 18. Qb5 Bxf3 19. gxf3 Nh4 20. Re3 Nxf3+ 21. Kh1
Qg4 22. Qd3 h5 23. Qd5 g6 24. Qe4 Qxe4 25. Rxe4 d5 26. Ra4 d4 27. Bxa5 Bd6 28.
b3 Rfe8 29. Ne4 Rxe6 30. Nxd6 cxd6 31. Kg2 Nh4+ 32. Kh3 g5 33. Bd2 Rxa4 34.
bxa4 Nf3 35. Bc1 Re2 36. Kg3 g4 37. h3 h4+ 38. Kg2 Ne1+ 39. Kh1 gxh3 40. Kh2
Nxc2 41. Kxh3 Nb4 42. Bf4 d5 43. Bd6 Nd3 44. Kxh4 Rxa2 45. f4 Rxa4 46. Kg5 Kf7
47. Rh1 Nf2 48. Rh7+ Kg8 49. Kg6 Ra6 50. Rg7+ Kh8 51. Rd7 Ra8 52. Be5+ Kg8 53.
f5 Ne4 54. Bd6 1-0

[Event "Miedzynarodowy Turniej Szachowy Szachowe"]
[Site "WSUS Poznan, ul. Glogowska"]
[Date "2013.??.??"]
[Round "3.9"]
[White "Pawlowski, Rafal"]
[Black "Chojnowski, Robert"]
[Result "1/2-1/2"]
[WhiteElo "1531"]
[BlackElo "1640"]
[PlyCount "86"]
[EventDate "2013.??.??"]

1. d4 d5 2. c4 c6 3. Nf3 Nf6 4. Nc3 Bf5 5. cxd5 cxd5 6. e3 Qb6 7. Bd3 Bxd3 8.
Qxd3 e6 9. O-O a6 10. Ne5 Nc6 11. f4 Bb4 12. Bd2 O-O 13. Rf3 Bxc3 14. Bxc3 Nxe5
15. fxe5 Ne4 16. Raf1 f5 17. exf6 Rxf6 18. Rxf6 gxf6 19. Qe2 Kh8 20. Rf4 Rg8
21. Rh4 Qc7 22. Qh5 Qg7 23. Qf3 Qg5 24. Rxe4 dxe4 25. Qxe4 Qg6 26. Qf3 Qb1+ 27.
Kf2 Qc2+ 28. Kg1 Qb1+ 29. Kf2 Qf5 30. Qxf5 exf5 31. Kf3 Kg7 32. Bb4 Kf7 33. g3
Ke6 34. Kf4 Rg4+ 35. Kf3 h5 36. h4 Kd5 37. b3 Rg8 38. Kf4 Ke6 39. Kf3 Rc8 40.
Bc5 a5 41. Kf4 Rg8 42. Bb6 Ra8 43. Bc5 a4 1/2-1/2

[Event "Miedzynarodowy Turniej Szachowy Szachowe"]
[Site "WSUS Poznan, ul. Glogowska"]
[Date "2013.??.??"]
[Round "3.10"]
[White "Nowaczyk, Mikolaj"]
[Black "Weglarz, Leszek"]
[Result "0-1"]
[WhiteElo "1646"]
[BlackElo "2224"]
[PlyCount "62"]
[EventDate "2013.??.??"]

1. e4 e5 2. Nf3 d6 3. d4 Nf6 4. Nc3 Qe7 5. Bg5 c6 6. Bc4 h6 7. Be3 g6 8. Qd2
Bg7 9. O-O-O Ng4 10. dxe5 Nxe3 11. fxe3 dxe5 12. Qd6 Qxd6 13. Rxd6 Nd7 14. Rf1
Rf8 15. Bb3 Ke7 16. Rfd1 Nc5 17. Bc4 Ne6 18. Bxe6 Bxe6 19. Na4 Bd5 20. R6xd5
cxd5 21. exd5 e4 22. Nd4 Bxd4 23. Rxd4 Kd6 24. c4 f5 25. c5+ Ke5 26. Nc3 Rfc8
27. b4 a5 28. a3 axb4 29. axb4 Ra1+ 30. Kc2 Re1 31. Nd1 Rxe3 0-1

[Event "Miedzynarodowy Turniej Szachowy Szachowe"]
[Site "WSUS Poznan, ul. Glogowska"]
[Date "2013.??.??"]
[Round "3.11"]
[White "Nowak, Mikolaj"]
[Black "Bajerlein, Dawid"]
[Result "0-1"]
[WhiteElo "1613"]
[BlackElo "2099"]
[PlyCount "82"]
[EventDate "2013.??.??"]

1. e4 c6 2. d4 d5 3. Nc3 dxe4 4. Nxe4 Bf5 5. Ng3 Bg6 6. h4 h6 7. Nf3 Nd7 8. h5
Bh7 9. Bd3 Bxd3 10. Qxd3 Ngf6 11. Bd2 e6 12. Ne4 Nxe4 13. Qxe4 Nf6 14. Qe2 Qd5
15. c4 Qe4 16. Qxe4 Nxe4 17. Bc3 Be7 18. Nd2 Nxc3 19. bxc3 O-O-O 20. O-O-O c5
21. Nb3 cxd4 22. cxd4 Rd7 23. Kd2 Rhd8 24. Ke3 e5 25. Ke4 exd4 26. Rxd4 f5+ 27.
Ke3 Bc5 28. Rhd1 Bxd4+ 29. Rxd4 Re7+ 30. Kd3 Re1 31. Rxd8+ Kxd8 32. Nd4 Re5 33.
c5 f4 34. Ne2 Rxc5 35. Nxf4 Ke7 36. g4 Ra5 37. Ke4 Rxa2 38. Nh3 b5 39. f4 b4
40. g5 b3 41. f5 hxg5 0-1

[Event "Miedzynarodowy Turniej Szachowy Szachowe"]
[Site "WSUS Poznan, ul. Glogowska"]
[Date "2013.??.??"]
[Round "3.12"]
[White "Raczynski, Krzysztof"]
[Black "Maksimenko, Andrei Jr"]
[Result "1/2-1/2"]
[WhiteElo "1595"]
[BlackElo "1961"]
[PlyCount "94"]
[EventDate "2013.??.??"]

1. e4 c5 2. Nf3 e6 3. d4 cxd4 4. Nxd4 a6 5. Nc3 Qc7 6. Bd3 Bc5 7. Nb3 Be7 8.
O-O Nf6 9. f4 d6 10. Qe2 Nbd7 11. Bd2 b5 12. a4 b4 13. Na2 a5 14. Kh1 Qb6 15.
Be3 Qb8 16. Nd2 Bb7 17. c3 Bc6 18. cxb4 axb4 19. b3 Qb7 20. Bd4 e5 21. Bb2 h5
22. Rac1 Nc5 23. Rxc5 dxc5 24. fxe5 Ng4 25. h3 Rd8 26. Nc4 Qd7 27. Nc1 Rh6 28.
Kg1 Bg5 29. hxg4 Bxc1 30. Nd6+ Rxd6 31. exd6 Bxb2 32. Qxb2 Qxd6 33. Qxg7 Qd4+
34. Qxd4 Rxd4 35. Bc4 hxg4 36. Bxf7+ Ke7 37. Kh2 Bxe4 38. Kg3 Bd3 39. Rf2 c4
40. bxc4 b3 41. c5 Bc2 42. Bxb3 Bxb3 43. Rf4 Rxf4 44. Kxf4 Be6 45. Ke5 Bd7 46.
a5 Bb5 47. Kf4 Be2 1/2-1/2

[Event "Miedzynarodowy Turniej Szachowy Szachowe"]
[Site "WSUS Poznan, ul. Glogowska"]
[Date "2013.??.??"]
[Round "3.13"]
[White "Adamczyk, Wieslaw"]
[Black "Niedbala, Wojciech"]
[Result "0-1"]
[WhiteElo "1536"]
[BlackElo "1790"]
[PlyCount "79"]
[EventDate "2013.??.??"]

1. d4 Nf6 2. c4 g6 3. Nc3 Bg7 4. e4 d6 5. h3 O-O 6. Nf3 e5 7. dxe5 dxe5 8. Be3
Qe7 9. Be2 c6 10. O-O Nbd7 11. Qc2 Nh5 12. Rfd1 Nf4 13. Bf1 a5 14. Ne2 Ne6 15.
Ng3 Ndc5 16. Rac1 a4 17. Rd2 Bd7 18. Rcd1 Rfd8 19. b4 axb3 20. axb3 Be8 21.
Rxd8 Rxd8 22. Rxd8 Qxd8 23. b4 Na6 24. Bd2 Nd4 25. Nxd4 exd4 26. Bd3 c5 27. b5
Nb4 28. Bxb4 cxb4 29. Qa4 Bf8 30. Ne2 Qg5 31. Qa7 Qd2 32. Qxd4 b3 33. Qd8 b2
34. Qxe8 Qxd3 35. Nf4 b1=Q+ 36. Kh2 Qxe4 37. Nd5 Qxe8 38. Nf6+ Kg7 39. Nxe8+
Kg8 40. Nc7 0-1

[Event "Miedzynarodowy Turniej Szachowy Szachowe"]
[Site "WSUS Poznan, ul. Glogowska"]
[Date "2013.??.??"]
[Round "3.14"]
[White "Lisiecki, Robert"]
[Black "Sklepinski, Artur"]
[Result "1-0"]
[WhiteElo "1426"]
[BlackElo "1772"]
[PlyCount "63"]
[EventDate "2013.??.??"]

1. e4 d5 2. Nc3 dxe4 3. Nxe4 Bf5 4. Ng3 Bg6 5. Bc4 e6 6. Nf3 Bd6 7. d4 h6 8.
Qe2 c6 9. Be3 Nf6 10. Rd1 Qc7 11. O-O O-O 12. Nh4 Bh7 13. f4 Nbd7 14. Rf3 Nb6
15. Rdf1 Nxc4 16. Qxc4 Ne4 17. Nxe4 Bxe4 18. Rh3 Qd7 19. g4 Bd5 20. Qd3 b5 21.
b3 f5 22. Qe2 g5 23. fxg5 hxg5 24. Ng6 Rf6 25. Rh8+ Kg7 26. Rxa8 Rxg6 27. gxf5
exf5 28. c4 Bxc4 29. bxc4 bxc4 30. Qh5 Bf8 31. Rxf8 Kxf8 32. Qxg6 1-0

[Event "Miedzynarodowy Turniej Szachowy Szachowe"]
[Site "WSUS Poznan, ul. Glogowska"]
[Date "2013.??.??"]
[Round "3.15"]
[White "Kiwilsza, Piotr"]
[Black "Jarmuzek, Karolina"]
[Result "0-1"]
[WhiteElo "1751"]
[BlackElo "1664"]
[PlyCount "76"]
[EventDate "2013.??.??"]

1. e4 c5 2. Nf3 Nc6 3. d4 cxd4 4. Nxd4 Nf6 5. Nc3 d6 6. Bb5 Bd7 7. O-O e6 8.
Be3 Be7 9. f3 O-O 10. a3 a6 11. Be2 Qc7 12. Rc1 d5 13. exd5 exd5 14. Qd2 Rfe8
15. Kh1 Bd6 16. Bg1 Bf4 17. Qd3 Bxc1 18. Rxc1 Ne5 19. Qd2 Nc4 20. Bxc4 dxc4 21.
Nde2 Rad8 22. Ng3 b5 23. Nce4 Nxe4 24. Nxe4 Bf5 25. Qe2 Bxe4 26. fxe4 Qf4 27.
Rf1 Rxe4 28. Rd1 Rxd1 29. Qxd1 h6 30. c3 Qe5 31. Bf2 Re2 32. Kg1 Qe7 33. Qc1
Qf6 34. Bd4 Qg5 35. Qf1 Rc2 36. Bf2 Rc1 37. Be1 Qe3+ 38. Qf2 Rxe1# 0-1

[Event "Miedzynarodowy Turniej Szachowy Szachowe"]
[Site "WSUS Poznan, ul. Glogowska"]
[Date "2013.??.??"]
[Round "3.16"]
[White "Nowak, Adam"]
[Black "Szymanski, Leszek"]
[Result "0-1"]
[WhiteElo "1352"]
[BlackElo "1750"]
[PlyCount "94"]
[EventDate "2013.??.??"]

1. c4 f5 2. Nc3 Nf6 3. g3 c6 4. Nf3 e6 5. Bg2 Be7 6. O-O O-O 7. d3 d5 8. cxd5
Nxd5 9. Rb1 Bf6 10. Qc2 Na6 11. a3 b5 12. Na2 Bd7 13. e4 Nb6 14. e5 Be7 15. b4
Rc8 16. d4 Nc7 17. Ne1 Ncd5 18. Nd3 Nc4 19. a4 a5 20. Nc5 axb4 21. axb5 cxb5
22. Bxd5 exd5 23. e6 Be8 24. Nxb4 Bxc5 25. dxc5 Rxc5 26. Be3 Rc8 27. Qd3 Nxe3
28. fxe3 Qe7 29. Nxd5 Qxe6 30. Nf4 Qe4 31. Qb3+ Bf7 32. Qa3 Rc3 33. Qb2 Qxe3+
34. Rf2 Rb3 35. Qc2 Rxb1+ 36. Qxb1 Rc8 37. Kg2 Qc5 38. h4 b4 39. Nd3 Qd5+ 40.
Kh2 b3 41. Nf4 Qe4 42. Qa1 Rc2 43. Rxc2 Qxc2+ 44. Kh3 h6 45. Qa8+ Kh7 46. Qf8
Qc7 47. Kh2 b2 0-1

[Event "Miedzynarodowy Turniej Szachowy Szachowe"]
[Site "WSUS Poznan, ul. Glogowska"]
[Date "2013.??.??"]
[Round "3.17"]
[White "Gajzner, Ryszard"]
[Black "Miedzinski, Marek"]
[Result "1-0"]
[WhiteElo "1747"]
[BlackElo "1613"]
[PlyCount "39"]
[EventDate "2013.??.??"]

1. d4 d5 2. c4 c6 3. Nf3 Nf6 4. e3 e6 5. b3 a6 6. Bd3 Bd6 7. O-O O-O 8. Nbd2
Nbd7 9. Bb2 Re8 10. Ne5 Bc7 11. f4 Nxe5 12. fxe5 Nd7 13. Bxh7+ Kxh7 14. Qh5+
Kg8 15. Qxf7+ Kh8 16. Rf3 Nf8 17. Rh3+ Nh7 18. Qg6 Kg8 19. Qxh7+ Kf8 20. Rf1+
1-0

[Event "Miedzynarodowy Turniej Szachowy Szachowe"]
[Site "WSUS Poznan, ul. Glogowska"]
[Date "2013.??.??"]
[Round "3.18"]
[White "Wojciechowska, Martyna"]
[Black "Hoffmann, Piotr"]
[Result "0-1"]
[WhiteElo "1265"]
[BlackElo "1725"]
[PlyCount "142"]
[EventDate "2013.??.??"]

1. d4 Nf6 2. c4 e5 3. e3 exd4 4. exd4 Bb4+ 5. Bd2 Qe7+ 6. Qe2 O-O 7. Qxe7 Bxe7
8. Nc3 Bb4 9. Rc1 c6 10. Nf3 d6 11. Bd3 Re8+ 12. Be3 Ng4 13. Kd2 Nxe3 14. fxe3
c5 15. d5 Nd7 16. Rhf1 Nf6 17. h3 Bd7 18. a3 Ba5 19. Rfe1 a6 20. Rb1 b5 21. b4
bxc4 22. Bxc4 cxb4 23. axb4 Bb6 24. b5 a5 25. e4 Rec8 26. Bd3 a4 27. Ra1 Ba5
28. Rec1 Rcb8 29. Nd4 Rc8 30. Nde2 Rc5 31. Nd4 Nxd5 32. exd5 Rxd5 33. Ke3 Re8+
34. Ne4 Bb6 35. Rxa4 Rxd4 36. Rxd4 d5 37. Rb1 dxe4 38. Bc4 Kf8 39. g4 g6 40.
Rf1 f5 41. gxf5 gxf5 42. h4 Re5 43. Rfd1 Bxb5 44. Kf4 Bxd4 45. Rxd4 Rc5 46. Be6
e3 47. Rd1 e2 48. Re1 Bd3 49. Kg3 Ke7 50. Bg8 h6 51. Bb3 Kf6 52. Kf3 Re5 53.
Kf4 Re4+ 54. Kg3 Ke5 55. h5 Rf4 56. Bd1 Rf1 57. Rxe2+ Bxe2 58. Bxe2 Rg1+ 59.
Kf2 Rb1 60. Kg3 f4+ 61. Kf2 Ke4 62. Bf3+ Kd4 63. Bg4 Rb3 64. Ke2 Ke4 65. Kf2
Rb2+ 66. Kg1 f3 67. Bh3 Kf4 68. Bf1 Kg3 69. Bg2 Rb1+ 70. Bf1 f2+ 71. Kh1 Rxf1#
0-1

[Event "Miedzynarodowy Turniej Szachowy Szachowe"]
[Site "WSUS Poznan, ul. Glogowska"]
[Date "2013.??.??"]
[Round "3.23"]
[White "Pawleta, Rafal"]
[Black "Kus, Aleksander"]
[Result "1-0"]
[WhiteElo "1545"]
[BlackElo "1452"]
[PlyCount "69"]
[EventDate "2013.??.??"]

1. c4 Nf6 2. Nc3 g6 3. e4 d6 4. d4 Bg7 5. Nf3 O-O 6. Be2 c5 7. d5 Na6 8. O-O
Nc7 9. h3 a6 10. a4 Bd7 11. Be3 Rb8 12. e5 Nfe8 13. Qc2 b5 14. axb5 axb5 15.
Qd2 bxc4 16. Bh6 Rb4 17. Ra2 Qb8 18. Rfa1 Qb6 19. exd6 exd6 20. Bxg7 Kxg7 21.
Ne4 Bf5 22. Qc3+ f6 23. Ng3 Bd7 24. Bxc4 Bb5 25. b3 Bxc4 26. bxc4 Rb1+ 27. Kh2
Rxa1 28. Rxa1 Na6 29. Ng5 Kg8 30. Ne6 Rf7 31. Qa5 Qxa5 32. Rxa5 Nb4 33. Ra8 Re7
34. Ne4 Kf7 35. Nxd6+ 1-0

[Event "Miedzynarodowy Turniej Szachowy Szachowe"]
[Site "WSUS Poznan, ul. Glogowska"]
[Date "2013.??.15"]
[Round "3.26"]
[White "Hoffmann, Kacper"]
[Black "Niemier, Hubert"]
[Result "1/2-1/2"]
[WhiteElo "1584"]
[BlackElo "1372"]
[PlyCount "51"]
[EventDate "2013.??.??"]

1. e4 c6 2. d4 d5 3. exd5 cxd5 4. c3 Nf6 5. Bd3 Nc6 6. h3 g6 7. Ne2 Bg7 8. Ng3
Qc7 9. Be3 Bd7 10. Nd2 Na5 11. Qe2 h6 12. Rc1 b5 13. b3 O-O 14. Nf3 Bc6 15. Nh4
Bb7 16. O-O e5 17. dxe5 Qxe5 18. Bd2 Qxe2 19. Nxe2 Rfe8 20. Rfe1 Nc6 21. Nf3
Nd7 22. Be3 Nce5 23. Nxe5 Nxe5 24. Bd4 Bc8 25. Bxe5 Bxe5 26. Nd4 1/2-1/2

[Event "Miedzynarodowy Turniej Szachowy Szachowe"]
[Site "WSUS Poznan, ul. Glogowska"]
[Date "2013.??.??"]
[Round "3.27"]
[White "Gajewski, Zbigniew"]
[Black "Nawrocki, Arkadiusz"]
[Result "0-1"]
[WhiteElo "1439"]
[BlackElo "1576"]
[PlyCount "58"]
[EventDate "2013.??.??"]

1. e4 c6 2. d4 d5 3. Nc3 dxe4 4. Nxe4 Bf5 5. Ng3 Bg6 6. Nf3 Nf6 7. Bd3 e6 8.
O-O Be7 9. Bxg6 hxg6 10. c3 O-O 11. Qb3 b6 12. Re1 c5 13. Be3 Nc6 14. Rad1 Qc7
15. dxc5 bxc5 16. Qc2 Rab8 17. b3 Bd6 18. Ne4 Nxe4 19. Qxe4 Ne7 20. Ng5 Nd5 21.
Qh4 Nf6 22. Rd2 Rbd8 23. Red1 Be7 24. c4 Rxd2 25. Rxd2 Rd8 26. h3 Qa5 27. Rxd8+
Qxd8 28. Qf4 Qd1+ 29. Kh2 Bd6 0-1

[Event "Miedzynarodowy Turniej Szachowy Szachowe"]
[Site "WSUS Poznan, ul. Glogowska"]
[Date "2013.??.??"]
[Round "3.28"]
[White "Kostecka, Marika"]
[Black "Wittig, Zenon"]
[Result "0-1"]
[WhiteElo "1274"]
[BlackElo "1541"]
[PlyCount "113"]
[EventDate "2013.??.??"]

1. e4 e5 2. Nf3 Nc6 3. Bb5 a6 4. Ba4 d6 5. c3 Nf6 6. d4 Bd7 7. Bg5 Be7 8. O-O
O-O 9. Bc2 h6 10. Be3 Re8 11. Nh4 exd4 12. cxd4 Nxe4 13. Bxe4 Bxh4 14. Nc3 Bg5
15. f4 Bf6 16. Qh5 Bxd4 17. Bxd4 Nxd4 18. Rad1 Nc6 19. Rf3 f5 20. Bc2 Rf8 21.
Rg3 Kh8 22. Nd5 Ne7 23. Bb3 c6 24. Nc3 d5 25. Rh3 Ng8 26. Rhd3 Nf6 27. Qg6 Ng8
28. Rg3 Qf6 29. Qxf6 Rxf6 30. Nxd5 cxd5 31. Rdd3 Bc6 32. Bxd5 Bxd5 33. Rxd5 Rf7
34. Rgd3 Kh7 35. Kf2 Rc8 36. Rd2 Kg6 37. Rd6+ Nf6 38. Kf3 Kh7 39. Rb6 Rc6 40.
Rb3 Rfc7 41. Rd4 Ne4 42. Ke3 Rc2 43. Rd5 Rxg2 44. Rxf5 Nf6 45. h3 Rg3+ 46. Kd4
Rxb3 47. axb3 Rc2 48. Rc5 Rxb2 49. Rc7 Rxb3 50. Rc3 Rb4+ 51. Kd3 Rxf4 52. Rb3
Rf3+ 53. Kc4 Rxb3 54. Kxb3 Kg6 55. h4 Kh5 56. Ka4 Kxh4 57. Ka5 0-1

[Event "Miedzynarodowy Turniej Szachowy Szachowe"]
[Site "WSUS Poznan, ul. Glogowska"]
[Date "2013.??.??"]
[Round "3.29"]
[White "Kostecki, Samuel"]
[Black "Piasecki, Andrzej"]
[Result "1-0"]
[WhiteElo "1497"]
[BlackElo "1356"]
[PlyCount "60"]
[EventDate "2013.??.??"]

1. d4 g6 2. Nf3 b6 3. e4 Bb7 4. Bd3 d5 5. Nc3 e6 6. O-O Ba6 7. Re1 Bxd3 8. Qxd3
Ne7 9. Bg5 h6 10. Bf6 Rh7 11. exd5 exd5 12. Re3 Qd6 13. Nxd5 Nd7 14. Bxe7 Bxe7
15. Rxe7+ Kf8 16. Rxd7 Qxd7 17. Nf6 Qf5 18. Nxh7+ Kg7 19. Qxf5 gxf5 20. Re1
Kxh7 21. Re7 Kg6 22. Ne5+ Kf6 23. Rxf7+ Ke6 24. Rxc7 Kd6 25. c3 Kd5 26. Kf1 f4
27. Ke2 Rg8 28. g4 fxg3 29. fxg3 h5 30. Rf7 h4 1-0